Mathematical physics 2000

Gives personal views from experts on their subjects and on the wider field of mathematical physics. Topics include quantum field theory and turbulence, the three-body problem to non-equilibrium statistical mechanics, and more

Wedi'i Gadw mewn:
Manylion Llyfryddiaeth
Fformat: Llyfr
Iaith:Undetermined
Cyhoeddwyd: London Imperial College Press 2000
Pynciau:
Tagiau: Ychwanegu Tag
Dim Tagiau, Byddwch y cyntaf i dagio'r cofnod hwn!
Thư viện lưu trữ: Trung tâm Học liệu Trường Đại học Cần Thơ
LEADER 00739nam a2200193Ia 4500
001 CTU_156271
008 210402s9999 xx 000 0 und d
020 |c 2082000 
082 |a 530.15 
082 |b M426 
245 0 |a Mathematical physics 2000 
245 0 |c Edited by A. Fokas ... [et al.] 
260 |a London 
260 |b Imperial College Press 
260 |c 2000 
520 |a Gives personal views from experts on their subjects and on the wider field of mathematical physics. Topics include quantum field theory and turbulence, the three-body problem to non-equilibrium statistical mechanics, and more 
650 |a Mathemmatical physics 
904 |i Trọng Hiếu 
980 |a Trung tâm Học liệu Trường Đại học Cần Thơ